| 000 | 00751nam a2200229Ia 4500 | ||
|---|---|---|---|
| 008 | 191130s2010##################000#0#eng## | ||
| 020 | _a9781420078008 | ||
| 022 | _a2009027279 | ||
| 040 |
_aACL _cACL |
||
| 082 | _a621.382 MOR | ||
| 245 |
_aCRC handbook of modern telecommunications _cedited by Patricia Morreale, Kornel Terplan |
||
| 250 | _a2nd ed | ||
| 260 |
_aBoca Raton, FL _bCRC Press, Taylor and Francis _c2010 |
||
| 300 | _a1 v. (various pagings) : ill. ; 27 cm | ||
| 500 | _aIncludes bibliographical reference and index | ||
| 650 | _aTelecommunication - Handbooks, manuals, etc | ||
| 700 | _aMorreale, Patricia | ||
| 700 | _aTerplan, Kornel | ||
| 990 | _a81754a2eac10000c2077f2f40a8e485b | ||
| 991 | _a195766 | ||
| 999 |
_c140857 _d140857 |
||